000 00589nam a2200217 a 4500
008
020 _a0879015020
049 _aMAIN
090 _aHB172.5
_bMAN
100 1 _aMankiw, N. Gregory.
245 1 0 _aMacroeconomics /
_cN Gregory Mankiw.
260 _aNew York :
_bWorth Publishers,
_cc1992.
300 _axxxvi, 514 p. :
_bill. ;
_c24 cm.
500 _aIncludes index.
650 0 _aMacroeconomics
907 _a.b10035837
_b04-10-16
_c17-04-03
003
005 20230123133314.0
040 _cNUST
942 _cBOOKS
_kHB172.5
_mMAN
999 _c146314
_d146314